000 00393nam a2200157Ia 4500
008 210716s1974 xx 000 0 und d
020 _a534003028
041 _aeng
082 _a004 MEIL
100 _aMeissner, Loren P.
245 _aScience of computing.
250 _a1
260 _aCalifornia
_bWadsworth publishing company
_c1974
300 _a354
650 _aComputer Fundamentals
999 _c181398
_d181398